English Swahili Dictionary (Record no. 2541)

MARC details
005 - DATE AND TIME OF LATEST TRANSACTION
control field 20250522150528.0
020 ## - INTERNATIONAL STANDARD BOOK NUMBER
International Standard Book Number 82-994573-2-7
082 ## - DEWEY DECIMAL CLASSIFICATION NUMBER
Classification number 496.392 KIR
100 ## - MAIN ENTRY--PERSONAL NAME
Author name KIRKEBY, W. A .
245 ## - TITLE STATEMENT
Title English Swahili Dictionary
260 ## - PUBLICATION, DISTRIBUTION, ETC.
Place of publication, distribution, etc. Dar es salaam,
Name of publisher, distributor, etc. Kirkeby Publishing Company,
Date of publication, distribution, etc. 2002.
300 ## - PHYSICAL DESCRIPTION
Extent 1070p.:
Dimensions 24cm.
942 ## - ADDED ENTRY ELEMENTS (KOHA)
Source of classification or shelving scheme Dewey Decimal Classification
Koha item type Books
Holdings
Date last seen Total checkouts Full call number Barcode Cost, replacement price Price effective from Koha item type Lost status Source of classification or shelving scheme Damaged status Not for loan Withdrawn status Home library Current library Shelving location Date acquired Cost, normal purchase price
05/22/2025   496.392 KTR 0000009520 60000.00 05/22/2025 Books   Dewey Decimal Classification       College of Business Education Main Library College of Business Education Main Library General Collection 04/07/2003 20000.00